01177nam a2200313 i 450000500170000000700030001700800410002002000180006104000350007904100130011408200200012710000310014724501190017825000220029726400490031930000250036833600270039333700330042033800280045349000190048150000330050052100420053353400660057554500560064165000460069765000450074365000370078870000380082520220317001858.0ta210813s2014 mx er 000 0dspa d a9786071624017 aCO-BoRNBPbspaerdacCO-BoRNBP1 aspaheng04a302.2bP27h2221 aPeters, John Durhameautor10aHablar al airebuna historia de la idea de comunicacióncJohn Durham Peters ; traducción José María Ímaz aPrimera edición 1aMéxicobFondo de Cultura Económicac2014 a360 páginasc21 cm atextobtxt2rdacontent asin mediaciónbn2rdamedia avolumenbnc2rdacarrier aComunicación aIncluye índice analítico aRecomendado para un público adulto  tSpeaking into the Air. A history of the idea of communication aIncluye datos biográficos del autor en la solapa 17aComunicaciónvAspectos sociales2ARMARC17aFilosofía de la comunicación2ARMARC17aComunicaciónvHistoria2ARMARC1 aÍmaz, José Maríaetraductor